000 00673nam a22002417a 4500
003 UA-OsUOA
001 94439
007 ta
008 20130211b un ||||| |||| 00| 0 ukr d
100 _aГранин Д.
090 _a821.161.1
_bГ77
942 _cBK
040 _aUA-OsUOA
_brus
_cUA-OsUOA
_dUA-OsUOA
245 _aДождь в чужом городе
_bповести
300 _a441 с.
955 _a3
041 _arus
080 _a821.161.1
260 _aЛенинград
_bХудожественная литература
_c1977
044 _aRU
650 7 _a82 Література. Літературознавство
_2UDC
999 _c380691
_d380691